000 00454nam a2200181Ia 4500
008 240925s9999 xx 000 0 und d
020 _a8131705099
082 _a621.31042 GHO
100 _aGhosh , Smarajit
245 0 _aElectrical Machines
250 _aNA
260 _aIndia:
_bDorling Kindersley
_c,2007.
300 _a572p.
_bNA
_fOriginal
500 _aIncludes Index
600 _aElectrical Engineering
650 _aTechnology
942 _cBK
999 _c9812
_d9812